MARC details
| 000 -LEADER |
| fixed length control field |
03590nam a22004215i 4500 |
| 001 - CONTROL NUMBER |
| control field |
22903181 |
| 003 - CONTROL NUMBER IDENTIFIER |
| control field |
OSt |
| 005 - DATE AND TIME OF LATEST TRANSACTION |
| control field |
20240514161751.0 |
| 008 - FIXED-LENGTH DATA ELEMENTS--GENERAL INFORMATION |
| fixed length control field |
221215s2023 inu 000 0 eng |
| 010 ## - LIBRARY OF CONGRESS CONTROL NUMBER |
| LC control number |
2022951804 |
| 020 ## - INTERNATIONAL STANDARD BOOK NUMBER |
| International Standard Book Number |
9781119933878 |
| Qualifying information |
(paperback) |
| 020 ## - INTERNATIONAL STANDARD BOOK NUMBER |
| Canceled/invalid ISBN |
9781119933885 |
| Qualifying information |
(adobe pdf) |
| 020 ## - INTERNATIONAL STANDARD BOOK NUMBER |
| Canceled/invalid ISBN |
9781119933892 |
| Qualifying information |
(epub) |
| 040 ## - CATALOGING SOURCE |
| Original cataloging agency |
DLC |
| Language of cataloging |
eng |
| Description conventions |
rda |
| Transcribing agency |
DLC |
| 042 ## - AUTHENTICATION CODE |
| Authentication code |
pcc |
| 082 ## - DEWEY DECIMAL CLASSIFICATION NUMBER |
| Edition number |
2023 |
| Classification number |
DC 004.6 |
| Item number |
K527 |
| 100 1# - MAIN ENTRY--PERSONAL NAME |
| Personal name |
Khan, Ian, |
| Relator term |
author. |
| 9 (RLIN) |
51190 |
| 245 10 - TITLE STATEMENT |
| Title |
Metaverse For Dummies / |
| Statement of responsibility, etc. |
Ian Khan. |
| 260 ## - PUBLICATION, DISTRIBUTION, ETC. (IMPRINT) |
| Place of publication, distribution, etc. |
Indianapolis : |
| Name of publisher, distributor, etc. |
John Wiley and Sons, |
| Date of publication, distribution, etc. |
2023. |
| 263 ## - PROJECTED PUBLICATION DATE |
| Projected publication date |
2301 |
| 264 #1 - PRODUCTION, PUBLICATION, DISTRIBUTION, MANUFACTURE, AND COPYRIGHT NOTICE |
| Place of production, publication, distribution, manufacture |
Indianapolis : |
| Name of producer, publisher, distributor, manufacturer |
John Wiley and Sons, |
| Date of production, publication, distribution, manufacture, or copyright notice |
2023. |
| 300 ## - PHYSICAL DESCRIPTION |
| Extent |
xv, 280 pages: |
| Other physical details |
illustrations ; |
| Dimensions |
23 cm. |
| 336 ## - CONTENT TYPE |
| Content type term |
text |
| Content type code |
txt |
| Source |
rdacontent |
| 337 ## - MEDIA TYPE |
| Media type term |
unmediated |
| Media type code |
n |
| Source |
rdamedia |
| 338 ## - CARRIER TYPE |
| Carrier type term |
volume |
| Carrier type code |
nc |
| Source |
rdacarrier |
| 365 ## - TRADE PRICE |
| Price amount |
2,800.00 |
| Currency code |
Php |
| 500 ## - GENERAL NOTE |
| General note |
Includes index |
| 505 ## - FORMATTED CONTENTS NOTE |
| Formatted contents note |
Introduction -- Part 1: Getting started with the metaverse. Making sense of the metaverse -- Investigating metaverse platforms -- Staying safe in the metaverse -- Mastering money in the metaverse -- Part 2: Engaging in hobbies and personal interests. Getting into experiential gaming -- All about headsets -- Getting quipped to game in the metaverse -- Enjoying entertainment in the metaverse -- Getting involved with your interests in the metaverse -- Part 3: Creating a business in the metaverse. Getting familiar with business essentials -- Getting the word out to the metaverse -- The future of work in the metaverse -- Hiring, training, and connecting employees -- Part 4: The future of industry in the metaverse. Teaching and learning in the metaverse -- Health care, fitness, and well-being -- Moving events into the metaverse -- Woo-hoo! Going meta in sports and gaming -- Part 5: The part of tens. Ten ways the metaverse can help businesses -- Ten use cases in the metaverse |
| 520 ## - SUMMARY, ETC. |
| Summary, etc. |
<br/>"Your first step to understanding what the metaverse is all about... You've probably heard that the metaverse--a word that seemingly went from nonexistent to everywhere--is the next big thing in technology. What is it, anyway? Written by a leading futurist, Metaverse For Dummies unravels the mysteries of the metaverse, for the curious and for anyone looking to get in on the ground floor. Discover how to carve out your niche in the metaverse with easy-to-understand breakdowns of the major technologies and platforms, a guide to doing business in the metaverse, and explorations of what meta means for sports, education, and just about every other area of life. The book even gives you a guide to safety in the metaverse, including how much of your real life you should share in your virtual one. This book answers all the big questions about the metaverse, in simple terms. Explore the metaverse and the major players. Get a look at how the metaverse will disrupt industries from gaming to online commerce. Discover business opportunities on the metaverse. Dive into metaverse gaming and virtual events--safely. This book is a must for anyone looking for an approachable primer on what the metaverse is, how it works, and the opportunities within it"-- Provided by publisher |
| 650 ## - SUBJECT ADDED ENTRY--TOPICAL TERM |
| Topical term or geographic name as entry element |
Computers and civilization |
| 9 (RLIN) |
51191 |
| 650 ## - SUBJECT ADDED ENTRY--TOPICAL TERM |
| Topical term or geographic name as entry element |
Human-computer interaction |
| 9 (RLIN) |
24339 |
| 650 ## - SUBJECT ADDED ENTRY--TOPICAL TERM |
| Topical term or geographic name as entry element |
Shared virtual environments -- Social aspects |
| 9 (RLIN) |
51192 |
| 650 ## - SUBJECT ADDED ENTRY--TOPICAL TERM |
| Topical term or geographic name as entry element |
Information technology -- Social aspects |
| 9 (RLIN) |
27890 |
| 650 ## - SUBJECT ADDED ENTRY--TOPICAL TERM |
| Topical term or geographic name as entry element |
Virtual reality -- Social aspects |
| 9 (RLIN) |
51193 |
| 906 ## - LOCAL DATA ELEMENT F, LDF (RLIN) |
| a |
0 |
| b |
ibc |
| c |
orignew |
| d |
2 |
| e |
epcn |
| f |
20 |
| g |
y-gencatlg |
| 942 ## - ADDED ENTRY ELEMENTS (KOHA) |
| Source of classification or shelving scheme |
Dewey Decimal Classification |
| Koha item type |
Circulation |